Электрические подъёмные установки: авторизированный перевод с последнего немецкого издания

Detalles Bibliográficos
Autor Principal: Швайгер А.
Outros autores: Бейт-Миллер А. (переводчик)
Summary:Принесено в дар студентами разных стран студентам Росии через посредство европейской студенческой помощи
Idioma:ruso
Publicado: Берлин, Наука и жизнь
Series:Библиотека Гешен
Subjects:
Formato: MixedMaterials Libro
KOHA link:https://koha.lib.tpu.ru/cgi-bin/koha/opac-detail.pl?biblionumber=325509

MARC

LEADER 00000nam0a2200000 4500
001 325509
005 20231102003753.0
035 |a (RuTPU)RU\TPU\book\351123 
035 |a RU\TPU\book\351112 
090 |a 325509 
100 |a 20161207d k y0rusy50 ca 
101 1 |a rus  |c ger 
102 |a LV  |a DE 
105 |a a z 000zy 
200 1 |a Электрические подъёмные установки  |e авторизированный перевод с последнего немецкого издания  |f А. Швайгер  |g пер. А. Бейт-Миллера 
210 |a Берлин  |a Рига  |c Наука и жизнь  |c Типография К. Г. Редера 
215 |a 123 с.  |c с 30 черт. 
225 1 |a Библиотека Гешен 
300 |a Принесено в дар студентами разных стран студентам Росии через посредство европейской студенческой помощи 
606 1 |a Электрические установки  |2 stltpush  |3 (RuTPU)RU\TPU\subj\27670  |9 51390 
610 1 |a электроприводы 
610 1 |a электроприводная техника 
610 1 |a подъемные установки 
610 1 |a подъемные машины 
610 1 |a подъемные механизмы 
610 1 |a подъемные приспособления 
610 1 |a электродвигатели 
610 1 |a предохранительные приспособления 
675 |a 621.31  |v 3 
700 1 |a Швайгер  |b А. 
702 1 |a Бейт-Миллер  |b А.  |4 730 
801 1 |a RU  |b 63413507  |c 20121126 
801 2 |a RU  |b 63413507  |c 20161207  |g RCR 
942 |c BK